• 首页
  • 本馆介绍
  • 公告通知
  • 最新文献
  • 馆藏检索
  • 电子资源
  • 读者荐购
  • 参考咨询
  • CALIS
  • 我的图书馆
  • 登录
  • 详细信息显示
  • 放入我的书架
  • 预约/预借图书
  • 作者相关作品
  • 分类相关作品
  • 丛书相关作品
  • 出版社相关作品

书目信息

  • 表格格式
  • 工作单格式
  • 卡片格式
题名:
全国初级注册安全工程师职业资格考试辅导教材
    
 
作者: ;全国初级注册安全工程师职业资格考试试题分析小组 编
分册:   安全生产实务(其他安全)
出版信息: 北京   机械工业出版社  2022.05
页数: 199页
开本: 26cm
丛书名:
单 册:
中图分类: TB496
科图分类:
主题词: 安全生产--an quan sheng chan--安全工程师--资格考试--教材
电子资源:
ISBN: 978-7-111-69488-5
 
 
 
 
 
000 01170nam0 2200241 450
001 011025153628
005 20221025153628.0
010    @a978-7-111-69488-5@dCNY59.00
100    @a20201004d2022 em y0chiy0120 ea
101 0  @achi
102    @aCN@b110000
105    @ay z 000yy
106    @ar
200 1  @a全国初级注册安全工程师职业资格考试辅导教材@Aquan guo chu ji zhu ce an quan gong cheng shi zhi ye zi ge kao shi fu dao jiao cai@i安全生产实务(其他安全)@e2022版@f全国初级注册安全工程师职业资格考试试题分析小组编
205    @a第3版
210    @a北京@c机械工业出版社@d2022.05
215    @a199页@d26cm
330    @a本书以初级注册安全工程师职业资格考试大纲为依据,具有较强的针对性、实用性和可操作性。本书包括安全生产管理、安全生产技术基础、其他安全生产技术、安全生产案例分析,共四章的内容。
517 1  @a安全生产实务(其他安全)@Aan quan sheng chan shi wu (qi ta an quan )
606 0  @a安全生产@Aan quan sheng chan@x安全工程师@x资格考试@j教材
690    @aTB496@v5
711 02 @a全国初级注册安全工程师职业资格考试试题分析小组@Aquan guo chu ji zhu ce an quan gong cheng shi zhi ye zi ge kao shi shi ti fen xi xiao zu@4编
905    @a河南城建学院图书馆@dTB496@eQ872
    
    全国初级注册安全工程师职业资格考试辅导教材.安全生产实务(其他安全):2022版/全国初级注册安全工程师职业资格考试试题分析小组编.-第3版.-北京:机械工业出版社,2022.05
    199页;26cm
    
    
    ISBN 978-7-111-69488-5:CNY59.00
    本书以初级注册安全工程师职业资格考试大纲为依据,具有较强的针对性、实用性和可操作性。本书包括安全生产管理、安全生产技术基础、其他安全生产技术、安全生产案例分析,共四章的内容。
●
相关链接 在E读中查询图书 在当当中查询图书 在豆瓣中查询图书


正题名:全国初级注册安全工程师职业资格考试辅导教     索取号:TB496/Q872         预约/预借

序号 登录号 条形码 馆藏地/架位号 状态 备注
1 1588759   215887592   自科库501/501自科库 18排1列1层/ [索取号:TB496/Q872] 在馆    
河南城建学院图书馆 欢迎您!
大连网信软件有限公司© 版权所有